Получение фильтровального материала для очистки воды от микробиологических загрязнений; Экология. Экономика. Информатика; Т. 1: Системный анализ и моделирование экономических и экологических систем

書目詳細資料
Parent link:Экология. Экономика. Информатика: сборник статей/ Южный федеральный университет (ЮФУ).— , 2015
Т. 1: Системный анализ и моделирование экономических и экологических систем.— 2015.— [С. 337-341]
Corporate Authors: Национальный исследовательский Томский политехнический университет Институт природных ресурсов Кафедра физической и аналитической химии, Национальный исследовательский Томский политехнический университет Институт физики высоких технологий Лаборатория № 12, Национальный исследовательский Томский политехнический университет Институт физики высоких технологий Кафедра технологии силикатов и наноматериалов
其他作者: Мартемьянова И. В. Ирина Владимировна, Кутугин В. А. Виктор Александрович, Плотников Е. В. Евгений Владимирович, Журавков С. П. Сергей Петрович, Мартемьянов Д. В. Дмитрий Владимирович, Воронова О. А. Олеся Александровна
總結:Заглавие с экрана
語言:俄语
出版: 2015
主題:
在線閱讀:http://conf-durso.ru/docs/sames_1_2015.pdf#page=338
格式: MixedMaterials 電子 Book Chapter
KOHA link:https://koha.lib.tpu.ru/cgi-bin/koha/opac-detail.pl?biblionumber=647496

MARC

LEADER 00000naa0a2200000 4500
001 647496
005 20250212111112.0
035 |a (RuTPU)RU\TPU\network\12636 
035 |a RU\TPU\network\908 
090 |a 647496 
100 |a 20160413d2015 k||y0rusy50 ca 
101 0 |a rus 
102 |a RU 
135 |a drcn ---uucaa 
181 0 |a i  
182 0 |a b 
200 1 |a Получение фильтровального материала для очистки воды от микробиологических загрязнений  |f И. В. Мартемьянова, В. А. Кутугин, Е. В. Плотников [и др.] 
203 |a Текст  |c электронный 
300 |a Заглавие с экрана 
320 |a [Библиогр.: с. 341 (3 назв.)] 
461 |t Экология. Экономика. Информатика  |o сборник статей  |f Южный федеральный университет (ЮФУ)  |o в 3 т.  |d 2015 
463 |t Т. 1: Системный анализ и моделирование экономических и экологических систем  |v [С. 337-341]  |d 2015 
610 1 |a электронный ресурс 
610 1 |a труды учёных ТПУ 
610 1 |a фильтровальные материалы 
610 1 |a очистка 
610 1 |a вода 
610 1 |a микробиологические загрязнения 
701 1 |a Мартемьянова  |b И. В.  |g Ирина Владимировна 
701 1 |a Кутугин  |b В. А.  |c химик-технолог  |c доцент Томского политехнического университета, кандидат технических наук  |f 1983-  |g Виктор Александрович  |3 (RuTPU)RU\TPU\pers\28913  |9 13646 
701 1 |a Плотников  |b Е. В.  |c химик  |c доцент Томского политехнического университета, кандидат химических наук  |f 1983-  |g Евгений Владимирович  |3 (RuTPU)RU\TPU\pers\29838  |9 14314 
701 1 |a Журавков  |b С. П.  |c химик  |c ведущий научный сотрудник, доцент Томского политехнического университета, кандидат химических наук  |f 1961-  |g Сергей Петрович  |3 (RuTPU)RU\TPU\pers\28225  |9 13178 
701 1 |a Мартемьянов  |b Д. В.  |c химик  |c инженер-исследователь Томского политехнического университета  |f 1978-  |g Дмитрий Владимирович  |3 (RuTPU)RU\TPU\pers\30853  |9 15099 
701 1 |a Воронова  |b О. А.  |c химик  |c ассистент Томского политехнического университета, кандидат химических наук  |f 1979-  |g Олеся Александровна  |3 (RuTPU)RU\TPU\pers\29232  |9 13834 
712 0 2 |a Национальный исследовательский Томский политехнический университет  |b Институт природных ресурсов  |b Кафедра физической и аналитической химии  |3 (RuTPU)RU\TPU\col\18656  |9 27109 
712 0 2 |a Национальный исследовательский Томский политехнический университет  |b Институт физики высоких технологий  |b Лаборатория № 12  |3 (RuTPU)RU\TPU\col\19054  |9 27328 
712 0 2 |a Национальный исследовательский Томский политехнический университет  |b Институт физики высоких технологий  |b Кафедра технологии силикатов и наноматериалов  |3 (RuTPU)RU\TPU\col\18694  |9 27147 
801 2 |a RU  |b 63413507  |c 20230201  |g RCR 
856 4 |u http://conf-durso.ru/docs/sames_1_2015.pdf#page=338 
942 |c CF